|
|
|
|
| LEADER |
00633nam a22001697a 4500 |
| 008 |
160521b xxu||||| |||| 00| 0 eng d |
| 020 |
|
|
|a 9789351502876
|
| 082 |
|
|
|a 070.18
|b SHO
|
| 100 |
|
|
|a Shoma A. Chatterji
|
| 245 |
|
|
|a Filming reality :
|b the independent documentary movement in India /
|c Shoma A. Chatterji
|
| 250 |
|
|
|a 1st ed.
|
| 260 |
|
|
|a New Delhi :
|b Sage Publications,
|c 2015.
|
| 300 |
|
|
|a 299p.
|
| 650 |
|
|
|a Film
|
| 942 |
|
|
|2 ddc
|c BK
|
| 999 |
|
|
|c 15009
|d 15009
|
| 952 |
|
|
|0 0
|1 0
|2 ddc
|4 0
|6 070_180000000000000_SHO
|7 0
|9 21261
|a MAIN
|b MAIN
|d 2016-05-21
|e Mathrubhumi Books
|g 895.00
|l 1
|m 1
|o 070.18 SHO
|p 21188
|r 2016-12-19
|s 2016-10-25
|t 1
|w 2016-05-21
|y BK
|